000 00703nas a2200241 4500
001 BR9701095
003 BR-BrBNA
005 20231205100057.0
007 ta
008 230509b bl.|||p| |||| 00| 00por d
040 _aBR-BrBNA
_bpor
_cBiblioteca Nacional de Agricultura
041 _a(Pt)
072 _aQ04
100 1 _aCarrion, N.N.
100 1 _aGoncalves, R.
245 1 _aCitros-4. Efeito do acido giberelico na qualidade dos frutos
650 _aTangerina
650 _aAcido Giberelico
650 _aControle de Qualidade
773 0 _tInformativo Coopercitrus (Brazil)
_x
_g(1996), v. 11(121) p. 14-15
_wBR9701095
909 _a202311
_bLúcia
_c55
_dLúcia Elande
942 _2AGRIS
_n0
_cANA
999 _c154276
_d154276